000 00492nam a2200193Ia 4500
005 20250603145322.0
008 250603s9999 xx 000 0 und d
020 _a9780815365174
050 _aQR 106 .M86/
100 _aMunn, Colin
245 0 _aMarine microbiology : ecology and applications
250 _a2nd ed.
260 _aUnited Kingdom
260 _bGarland Science Taylor & Francis Group
260 _c2011
300 _a364 p
650 _aUnited Kingdom
942 _cBK
999 _c41512
_d41512